000 00416nam a2200181Ia 4500
001 3773
005 20260306145708.0
008 260306t1997||||xx |||||||||||||| ||spa||
041 _aESP
082 _a303.34
_bS72-1
100 _aD´Souza, Anthony
_eAUT
245 0 _aDescubre tu liderazgo
260 _c1997
300 _a215 páginas :
_c21 cm.
650 _aGEN
654 _aCHU
942 _cLIB
_dJUS
_fJUS
_2ddc
_n
999 _c3773
_d3773